Η διαλεκτική έννοια των έννομων αγαθών

Αποθηκεύτηκε σε:
Λεπτομέρειες βιβλιογραφικής εγγραφής
Κύριος συγγραφέας: Μανωλεδάκης, Ιωάννης Ε., 1937-
Μορφή: Βιβλίο
Γλώσσα:Greek
Δημοσίευση: Θεσσαλονίκη : Σφακιανάκης, 1973.
Θέματα:
Ετικέτες: Προσθήκη ετικέτας
Δεν υπάρχουν, Καταχωρήστε ετικέτα πρώτοι!

MARC

LEADER 00000cam a2200000 i 4500
001 1/35155
008 061005s1973 gr | ||| |||| ||gre||
035 |l 10085437 
040 |a GR-MY-UA  |b gre  |e aacr 
041 0 |a gre 
082 7 |a 345.01   |2 (22) 
100 1 |a Μανωλεδάκης, Ιωάννης Ε.,   |d 1937- 
245 1 2 |a Η διαλεκτική έννοια των έννομων αγαθών /   |c Ιωάννου Εμμ. Μανωλεδάκη.  
260 |a Θεσσαλονίκη :   |b Σφακιανάκης,   |c 1973.  
300 |a 130 σ. ;   |c 24 εκ.  
504 |a Περιλαμβάνει βιβλιογραφικές αναφορές.  
650 0 0 |a Criminal law. 
852 |a INST  |b CHIOS  |e 20061005  |h 345.01 ΜΑΝ  |p 005200027105  |q 005200027105  |t BK  |y 0 
901 |a BIBL2-2006-3 
909 |a Χ  |b 120202 
970 |a ΒΑΣΙΛΑΚΗ  |b ΝΙΚΗ  |z 2006/10/05